Подробности
| 000 -МАРКЕР |
| контрольное поле |
01757nam2a2200265 4500 |
| 001 - ИДЕНТИФИКАТОР ЗАПИСИ |
| контрольное поле |
RU\NLR\BIBL_A\010449267 |
| 005 - ИДЕНТИФИКАТОР ВЕРСИИ |
| контрольное поле |
20250614053753.0 |
| 010 ## - МЕЖДУНАРОДНЫЙ СТАНДАРТНЫЙ НОМЕР КНИГИ (ISBN) |
| Номер (ISBN) |
978-5-9506-1038-7 |
| Тираж |
150 |
| 021 ## - НОМЕР ГОСУДАРСТВЕННОЙ РЕГИСТРАЦИИ |
| Код страны |
Российская Федерация |
| Номер |
2014-42319 |
| Номер Листа государственной регистраци |
2577 |
| 035 ## - ДРУГИЕ СИСТЕМНЫЕ НОМЕРА |
| Идентификатор записи |
(NLR Aleph) 010449267 |
| 100 ## - ДАННЫЕ ОБЩЕЙ ОБРАБОТКИ |
| Данные общей обработки |
20140807d2013 |||y0rusy50 ca |
| 101 0# - ЯЗЫК РЕСУРСА |
| Язык текста, звукозаписи и т.д. |
русский |
| 102 ## - СТРАНА ПУБЛИКАЦИИ ИЛИ ПРОИЗВОДСТВА |
| Страна публикации |
Российская Федерация |
| 105 ## - ПОЛЕ КОДИРОВАННЫХ ДАННЫХ: ТЕКСТОВЫЕ МАТЕРИАЛЫ, МОНОГРАФИЧЕСКИЕ |
| Кодированные данные о монографическом текстовом документе |
a|||z|||100yy |
| 200 1# - ЗАГЛАВИЕ И СВЕДЕНИЯ ОБ ОТВЕТСТВЕННОСТИ |
| Основное заглавие |
Доклады к самарским заседаниям конференции |
| Первые сведения об ответственности |
[ред.-сост.: Г.Р. Хасаев и Л.Л. Рыбаковский] |
| 210 ## - ПУБЛИКАЦИЯ, РАСПРОСТРАНЕНИЕ И ДР. |
| Дата издания, распространения и т.д. |
2013 |
| Место издания, распространения и т.д. |
Б. м. |
| 215 ## - ФИЗИЧЕСКАЯ ХАРАКТЕРИСТИКА |
| Специфическое обозначение материала и объем |
129 с. |
| Другие сведения о физической характеристике |
ил. |
| 320 ## - ПРИМЕЧАНИЯ О НАЛИЧИИ В ДОКУМЕНТЕ БИБЛИОГРАФИИ / УКАЗАТЕЛЯ |
| Текст примечания |
Библиогр. в конце ст. и в подстроч. примеч. |
| 461 #0 - УРОВЕНЬ НАБОРА |
| Встроенное поле |
001RU\NLR\BIBL_A\010466818 |
| -- |
2000#$aСтратегия демографического развития России: рождаемость и семейная политика$eматериалы Всероссийской научно-практической конференции, 19-20 июня 2013 года$f[ред.-сост.: Л.Л. Рыбаковский]$vВып. 2 |
| Системный номер (АБИС) связанной записи |
10005265 |
| Место публикации |
Москва |
| Дата публикации |
2013 |
| Первые сведения об ответственности |
[ред.-сост.: Л.Л. Рыбаковский] |
| Имя издателя, распространителя и т.д. |
Экон-информ |
| Сведения, относящиеся к заглавию |
материалы Всероссийской научно-практической конференции, 19-20 июня 2013 года |
| Заглавие |
Стратегия демографического развития России: рождаемость и семейная политика |
| Номер тома |
Вып. 2 |
| 702 #1 - ИМЯ ЛИЦА - ВТОРИЧНАЯ ОТВЕТСТВЕННОСТЬ |
| Код отношения |
Составитель |
| Графика поля |
Кириллица |
| Материалы, к которым относится поле |
rus |
| Начальный элемент ввода |
Хасаев |
| Часть имени, кроме начального элемента ввода |
Г. Р. |
| Даты |
1951- |
| Расширение инициалов личного имени |
Габибулла Рабаданович |
| Системный номер авторитетной/нормативной записи |
159980 |
| Идентификатор авторитетной/нормативной записи |
RU\NLR\AUTH\770160021 |
| 942 ## - ДОПОЛНИТЕЛЬНЫЕ ЭЛЕМЕНТЫ ЗАПИСИ (АБИС) |
| Тип экземпляра АБИС |
Книга |
| 980 ## - КОЛЛЕКЦИЯ |
| Название коллекции |
Национальная библиография |